Miss International Country - Statistics

General Stats
  • This quiz has been taken 607 times
    595 since last reset
  • The average score is 42 of 56
Answer Stats
Hint Answer % Correct
1985 Venezuela
95%
1997 Venezuela
95%
2000 Venezuela
95%
2003 Venezuela
95%
2006 Venezuela
95%
2010 Venezuela
95%
2015 Venezuela
95%
2012 Japan
93%
1964 Philippines
93%
1970 Philippines
93%
1979 Philippines
93%
2005 Philippines
93%
2013 Philippines
93%
2016 Philippines
93%
1974 USA
93%
1978 USA
93%
1982 USA
93%
1960 Colombia
91%
1999 Colombia
91%
2004 Colombia
91%
2007 Mexico
88%
2009 Mexico
88%
1968 Brazil
83%
1977 Spain
78%
1990 Spain
78%
2008 Spain
78%
1962 Australia
77%
1981 Australia
77%
1992 Australia
77%
1965 Germany
77%
1989 Germany
77%
1976 France
75%
1987 Puerto Rico
74%
2014 Puerto Rico
74%
1967 Argentina
72%
1991 Poland
70%
1993 Poland
70%
2001 Poland
70%
1973 Finland
67%
1988 Norway
66%
1995 Norway
66%
1994 Greece
64%
1998 Panama
64%
1961 Holland
59%
2011 Ecuador
58%
1971 New Zealand
56%
1996 Portugal
56%
1963 Iceland
54%
2002 Lebanon
53%
1980 Costa Rica
51%
1983 Costa Rica
51%
1984 Guatemala
48%
1986 England
44%
1975 Yugoslavia
34%
1969 Great Britain
27%
1972 Great Britain
27%
No matching quizzes found
Score Distribution
Percent of People with Each Score
Percentile by Number Answered
Your Score History
You have not taken this quiz since the last reset